000
00325nam a2200133Ia 4500
008
150201s2006 xx 000 0 und d
082
_a
610.7343
_b
C06S
100
_a
SRIDHAR , RAO
245
_a
COMMUNITY HEATH NURSING
260
_b
AITBS
_a
DELHI
_c
2006
300
_a
5374
650
_a
COMMUNITy NURSING
942
_2
ddc
_c
BK
_0
22
999
_c
1903
_d
1903